000 00474nam a2200157 4500
001 45984
090 _a45984
100 _a20260407 pory50
101 _apor
102 _aPT
200 _aEncontro dobre História da Azulejaria em Portugal III
_eDo pombalino ao Romantismo
_fjoaquim Francisco Torrinha
_gorient. José Calado , José Meco
210 _cFundação das Casas de Fronteira e Alorna
215 _a1 v.
675 _a738.81(469)
801 _aPT
_gRPC
990 _cLIVROS